Special Publication No. 39. Precise positioning systems for hydrographic surveying. Positioning systems: characteristics and test procedures (Record no. 96788)

MARC details
000 -LEADER
fixed length control field 00631cam a2200205 4500
001 - CONTROL NUMBER
control field D6030
008 - FIXED-LENGTH DATA ELEMENTS--GENERAL INFORMATION
fixed length control field 090401t1981 xxu||||| |||| 00| 0 eng d
035 ## - SYSTEM CONTROL NUMBER
System control number (Sirsi) u82491
041 ## - LANGUAGE CODE
Language code of text/sound track or separate title eng
050 ## - LIBRARY OF CONGRESS CALL NUMBER
Classification number 526.99
110 ## - MAIN ENTRY--CORPORATE NAME
Corporate name or jurisdiction name as entry element International Hydrographic Bureau
9 (RLIN) 449
245 ## - TITLE STATEMENT
Title Special Publication No. 39. Precise positioning systems for hydrographic surveying. Positioning systems: characteristics and test procedures
250 ## - EDITION STATEMENT
Edition statement 2nd
260 ## - PUBLICATION, DISTRIBUTION, ETC.
Place of publication, distribution, etc. Monaco
Name of publisher, distributor, etc. IFHP
Date of publication, distribution, etc. 1981
300 ## - PHYSICAL DESCRIPTION
Extent 37p. 30cm
350 ## - PRICE (NR) (BK AM CF MU VM SE) [OBSOLETE]
Price 0
520 ## - SUMMARY, ETC.
Summary, etc. Presented to FIG XVI International Congress, Montreux 1981
942 ## - ADDED ENTRY ELEMENTS (KOHA)
Suppress in OPAC 0
948 ## - LOCAL PROCESSING INFORMATION (OCLC); SERIES PART DESIGNATOR (RLIN)
c (OCLC) 04/03/1997
Holdings
Withdrawn status Lost status Source of classification or shelving scheme Damaged status Not for loan Home library Current library Shelving location Date acquired Total Checkouts Full call number Barcode Date last seen Copy number Price effective from Koha item type
    Dewey Decimal Classification     London London Basement 14/09/1999   SHELF 202 30004142 06/08/2019 1 06/08/2019 Book